| 000 | 00538nam a2200181 i 4500 | ||
|---|---|---|---|
| 001 | 25091 | ||
| 003 | ES-MaACL | ||
| 005 | 20230906153207.0 | ||
| 007 | t| | ||
| 008 | 021220s1928 mx |||| |dlat d | ||
| 100 | 1 |
_aAragón, Agustín. _922170 |
|
| 245 | 1 | 0 |
_aIn memoriam, José Rodríguez Carracido / _cAgustín Aragón. |
| 260 |
_aMéxico : _b[s.n., _c1928] ( _fImp. Murgia) |
||
| 300 |
_a24 p. ; _c23 cm. |
||
| 600 | 1 | 4 |
_aRodríguez Carracido, José, _d1856-1928 _998407 |
| 852 |
_aES-MaACL _j1728-F-15 |
||
| 999 |
_c25091 _d25091 |
||